| 000 | 00860nam a2200277Ia 4500 | ||
|---|---|---|---|
| 003 | OSt | ||
| 005 | 20260217161224.0 | ||
| 008 | 210210b2016 xxu||||| |||| 00| 0 eng d | ||
| 020 | _a9789382361176 | ||
| 040 | _cAL | ||
| 041 | _aHindi | ||
| 082 | _aH891.9 MANH | ||
| 100 |
_aMANJUNATH (S E) _dमंजुनाथ (एस. ई.) _9255384 |
||
| 245 |
_aHindi vyangy sahity ek samikshatmak adhyayan _b हिन्दी व्यंग्य साहित्य एक समीक्षात्मक अध्ययन |
||
| 260 |
_aKanpur _bAlka Prakashan _c2016 |
||
| 300 | _a159 | ||
| 650 |
_avyangy _9255385 |
||
| 650 |
_asamikshatmak _9255386 |
||
| 650 |
_asahity _9255387 |
||
| 650 |
_aHindi _9255388 |
||
| 650 |
_aek _9255389 |
||
| 650 |
_aadhyayan _9255390 |
||
| 690 |
_aHindi Criticism _9255391 |
||
| 906 | _a073347 | ||
| 942 |
_2ddc _cBK |
||
| 999 |
_c123250 _d123250 |
||